000 00493nam a22001817a 4500
003 CEME
005 20210628203545.0
008 210317b xxu||||| |||| 00| 0 eng d
020 _a0-13-586736-3
040 _c.
082 _a621.3813 LIA'M
100 _aLiao, Samual Y
_966234
245 _aMicrowave circuit analysis and amplifier design
260 _aUSA
_bPRENTICE HALL
_c1987
300 _aXIV, 482P
650 _aMICROWAVE DEVICES DESIGN AND CONSTRUCTION
_966235
942 _cBK
_2ddc
999 _c574227
_d574227